| 000 | 01388cam a22003011i 4500 | ||
|---|---|---|---|
| 003 | SA-RiAUC | ||
| 005 | 20250926163642.0 | ||
| 008 | 250921s2013 su g b 00010aara c | ||
| 020 | _a9786039039723 | ||
| 040 |
_aSA-MaUQU _bara _cSA-RiAUC. _erda |
||
| 082 | 0 | 4 |
_a252.54 _qSA-RiAUC |
| 090 |
_a252.54 _bح س ي |
||
| 100 | 1 |
_aحسين، فاتن إبراهيم محمد _eمؤلف. |
|
| 245 | 1 | 0 |
_aتجربتي مع الطوافة : _bخطوات نحو العالم الأول / _cفاتن بنت إبراهيم محمد حسين. |
| 264 | 1 |
_aمكة المكرمة : _bفاتن إبراهيم محمد حسين، _c2013. |
|
| 300 |
_a376 صفحة ؛ _c24 سم |
||
| 336 |
_aنص _btxt _2rdacontent _3كتاب |
||
| 337 |
_aبدون وسيط _bn _2rdamedia |
||
| 338 |
_aمجلد _bnc _2rdacarrier |
||
| 504 | _aيشتمل على ببليوجرافية. | ||
| 600 | 1 | 7 |
_aحسين، فاتن إبراهيم محمد _xمهنة في الطوافة _vيوميات _2aucnm |
| 650 | 7 |
_aالحجاج _zمكة المكرمة _vمرويات شخصية _2aucsh |
|
| 650 | 7 |
_aالطوافة (حج) _vمرويات شخصية _2aucsh |
|
| 650 | 7 |
_aالمرشدون السياحيون _zمكة المكرمة _vتراجم _2aucsh |
|
| 650 | 7 |
_aالحجاج _xإرشاد لـ _zمكة المكرمة _vمرويات شخصية _2aucsh |
|
| 942 |
_2ddc _cBOOK _n0 |
||
| 949 |
_aSA-JeALM _d250921 _umohamedma123 _n1 |
||
| 999 |
_c12120 _d12120 |
||